000 00455nam a2200157 4500
001 137314
003 ES-MaACL
005 20230906195341.0
007 t|
008 070214s1965 sp r ||||1| spa d
100 1 _aSan Cristóbal Sebastián, Antonio.
_9102232
245 1 0 _aFilosofía de la educación /
_cAntonio San Cristóbal Sebastián.
260 _aMadrid :
_bRialp,
_c1965.
300 _a422 p. ;
_c22 cm.
852 _aES-MaACL
_jG-765
_bR.55988
999 _c137314
_d137314